000 00601nam a2200181Ia 4500
008 100920s9999 xx 000 0 und d
082 _b48176
_a700 थ 82
100 _aइनामदार व. वा.
245 _aमराठी लघुलेखन.
260 _bभाषा संचालनालय , महाराषट्र शासप्न.
_c1982
300 _a216
_bसाधी
365 _b20
520 _aकला.
630 _aमराठी लघुलेखन.
650 _aकला.
730 _aमराठी लघुलेखन.
942 _cBOOK
999 _c695243
_d695240